Entry Nombre personal
001 - NÚMERO DE CONTROL
- campo de control: 150448
003 - IDENTIFICADOR DE NÚMERO DE CONTROL
- campo de control: OSt
005 - FECHA Y HORA DE LA ÚLTIMA TRANSACCIÓN
- campo de control: 20251013231555.0
008 - ELEMENTOS DE DATO DE LONGITUD-FIJA
- campo de control de longitud fija: 120608 b azzaaaaaa a aaa d
040 ## - FUENTE DE CATALOGACIÓN
- Centro catalogador/agencia de origen: OSt
- Centro/agencia transcriptor: OSt
100 1# - ENCABEZAMIENTO-NOMBRE DE PERSONA
- Nombre de persona: Terradas, Jaume,
- Fechas asociadas al nombre: 1943-
400 1# - TRAZADO DE VÉASE--NOMBRE DE PERSONA
- Nombre de persona: Terradas, J. (
- Fechas asociadas al nombre: 1943-)
400 1# - TRAZADO DE VÉASE--NOMBRE DE PERSONA
- Nombre de persona: Terradas, Jaime (
- Fechas asociadas al nombre: 1943-)
400 1# - TRAZADO DE VÉASE--NOMBRE DE PERSONA
- Nombre de persona: Terradas, Jaime A. (
- Fechas asociadas al nombre: 1943-)
400 1# - TRAZADO DE VÉASE--NOMBRE DE PERSONA
- Nombre de persona: Terradas i Serra, Jaume (
- Fechas asociadas al nombre: 1943-)
